00471nam a2200145Ia 4500008004100000041001200041082001100053100001400064245007200078260000600150650000600156942000700162999001700169952013900186221030s9999 xx 000 0 und d aEnglish a105.23 aS. Dasari 0aEnergy Data Inputs For Electric Power System Planningcby S. Dasari c0 aB cBK c11217d11217 pB 17l0o105.23 r2022-10-30 00:00:00w2022-10-30yBK003Print4070aMIETLIBbMIETLIBcBL-, FL-, CUP-0, SH-0, R-0d2012-05-2610HBE